Pokémon di tipo Drago - Statistics

Statistiche generali
  • Questo quiz è stato fatto 50 volte
  • Il punteggio medio è 23 su 96
Statistiche sulle risposte
Numero Pokédex Nazionale Tipo Tipo Pokémon % Corretto
148 Drago Drago Dragonair
79%
149 Drago Volante Dragonite
79%
147 Drago Drago Dratini
79%
6 Fuoco Drago MegaCharizard X
67%
373 Drago Volante Salamence
64%
371 Drago Drago Bagon
58%
445 Drago Terra Garchomp
58%
444 Drago Terra Gabite
55%
483 Acciaio Drago Dialga
52%
443 Drago Terra Gible
52%
484 Acqua Drago Palkia
52%
643 Drago Fuoco Reshiram
52%
372 Drago Drago Shelgon
52%
644 Drago Elettro Zekrom
52%
384 Drago Volante Rayquaza
48%
330 Terra Drago Flygon
45%
373 Drago Volante MegaSalamence
45%
329 Terra Drago Vibrava
45%
334 Drago Volante Altaria
36%
633 Buio Drago Deino
36%
635 Buio Drago Hydreigon
36%
380 Drago Psico Latias
36%
381 Drago Psico Latios
36%
445 Drago Terra MegaGarchomp
36%
384 Drago Volante MegaRayquaza
36%
380 Drago Psico MegaLatias
33%
381 Drago Psico MegaLatios
33%
610 Drago Drago Axew
30%
254 Erba Drago MegaSceptile
30%
634 Buio Drago Zweilous
30%
621 Drago Drago Druddigon
27%
611 Drago Drago Fraxure
27%
612 Drago Drago Haxorus
27%
230 Acqua Drago Kingdra
27%
334 Drago Folletto MegaAltaria
27%
181 Elettro Drago MegaAmpharos
27%
706 Drago Drago Goodra
24%
887 Drago Spettro Dragapult
21%
704 Drago Drago Goomy
21%
882 Acqua Drago Dracovish
18%
784 Drago Lotta Kommo-o
18%
1007 Lotta Drago Koraidon
18%
1008 Elettro Drago Miraidon
18%
714 Volante Drago Noibat
18%
715 Volante Drago Noivern
18%
705 Drago Drago Sliggoo
18%
880 Elettro Drago Dracozolt
15%
691 Veleno Drago Dragalge
15%
885 Drago Spettro Dreepy
15%
884 Acciaio Drago Duraludon
15%
890 Veleno Drago Eternatus
15%
103 Erba Drago Exeggutor (Forma di Alola)
15%
783 Drago Lotta Hakamo-o
15%
782 Drago Drago Jangmo-o
15%
1005 Drago Buio Lunaruggente
15%
776 Fuoco Drago Turtonator
15%
842 Erba Drago Appletun
12%
483 Acciaio Drago Dialga (Forma Originale)
12%
886 Drago Spettro Drakloak
12%
780 Normale Drago Drampa
12%
1021 Elettro Drago Furiatonante
12%
799 Buio Drago Guzzlord
12%
804 Veleno Drago Naganadel
12%
484 Acqua Drago Palkia (Forma Originale)
12%
895 Drago Drago Regidrago
12%
1009 Acqua Drago Acquecrespe
9%
842 Erba Drago Appletun Gigamax
9%
840 Erba Drago Applin
9%
1018 Acciaio Drago Archaludon
9%
997 Drago Ghiaccio Arctibax
9%
998 Drago Ghiaccio Baxcalibur
9%
1011 Erba Drago Dipplin
9%
884 Acciaio Drago Duraludon Gigamax
9%
841 Erba Drago Flapple
9%
841 Erba Drago Flapple Gigamax
9%
996 Drago Ghiaccio Frigibax
9%
487 Spettro Drago Giratina (Forma Originale)
9%
706 Acciaio Drago Goodra (Forma di Hisui)
9%
1019 Erba Drago Hydrapple
9%
705 Acciaio Drago Sliggoo (Forma di Hisui)
9%
978 Drago Acqua Tatsugiri
9%
697 Roccia Drago Tyrantrum
9%
696 Roccia Drago Tyrunt
9%
1020 Fuoco Drago Vampeaguzze
9%
718 Drago Terra Zygarde (Forma 10%)
9%
718 Drago Terra Zygarde (Forma 50%)
9%
718 Drago Terra Zygarde (Forma Perfetta)
9%
493 Drago Drago Arceus (Drago)
6%
967 Drago Normale Cyclizar
6%
487 Spettro Drago Giratina (Forma Alterata)
6%
646 Drago Ghiaccio Kyurem (Forma di Kyurem)
6%
646 Drago Ghiaccio Kyurem (Kyurem Bianco)
6%
646 Drago Ghiaccio Kyurem (Kyurem Nero)
6%
890 Veleno Drago Eternatus (Dynamax Infinito)
3%
800 Psico Drago Necrozma (UltraNecrozma)
3%
773 Drago Drago Silvally (Tipo Drago)
3%
Nessun quiz corrispondente trovato
Distribuzione punteggi
Percentuale di utenti per punteggio
Percentile per numero di risposta
I tuoi punteggi nel tempo
Non hai fatto questo quiz